[Event "Turniej Niepodleglosci 2023"]
[Site "Warsaw POL"]
[Date "2023.11.11"]
[Round "6.17"]
[White "Mickiewicz, Piotr"]
[Black "Adamski, Jan"]
[Result "0-1"]
[WhiteElo "2153"]
[BlackElo "1955"]
[PlyCount "124"]

1.e4 c5 2.Nf3 e6 3.d3 Nc6 4.g3 g6 5.Bg2 Bg7 6.c3 e5 7.a3 a5 8.a4 Nge7 9.Na3 d6 
10.O-O O-O 11.Nc4 Rb8 12.Re1 h6 13.Nfd2 Be6 14.Qb3 b6 15.Qc2 Qd7 16.Ne3 d5 
17.exd5 Nxd5 18.Ndc4 Rfd8 19.Rd1 Nde7 20.Qb3 Na7 21.Qc2 Nac6 22.f4 exf4 23.gxf4 
Nd5 24.Nxd5 Bxd5 25.Bxd5 Qxd5 26.Qg2 Ne7 27.Be3 Qxg2+ 28.Kxg2 Nd5 29.Kf3 Rb7 
30.Re1 Re7 31.Rad1 f5 32.Bf2 Rde8 33.Rxe7 Rxe7 34.Ra1 Kf7 35.Ra3 Re6 36.h3 g5 
37.Bg3 Ke7 38.Ra1 Kf7 39.Rg1 Bf6 40.Bh2 Ke7 41.Bg3 Kf7 42.Rd1 Ke7 43.Bh2 Kf7 
44.Rf1 Ke7 45.Ra1 Kf7 46.Ra3 Kg6 47.Rb3 Kh5 48.Ra3 g4+ 49.hxg4+ fxg4+ 50.Kg2 
Kg6 51.Ra1 Kf5 52.Rf1 Re2+ 53.Rf2 Rxf2+ 54.Kxf2 Bh4+ 55.Bg3 Be7 56.b3 h5 
57.Ne3+ Nxe3 58.Kxe3 h4 59.Be1 h3 60.Bg3 Bh4 61.Kf2 h2 62.Kg2 Bxg3 0-1

[Event "Turniej Niepodleglosci 2023"]
[Site "Warsaw POL"]
[Date "2023.11.11"]
[Round "6.18"]
[White "Kovalevsky, Stanislav"]
[Black "Rekuc, Patryk"]
[Result "1-0"]
[WhiteElo "2023"]
[BlackElo "2103"]
[PlyCount "77"]

1.e4 c5 2.c3 Nf6 3.e5 Nd5 4.d4 cxd4 5.Nf3 e6 6.cxd4 Be7 7.Nc3 Nxc3 8.bxc3 Qc7 
9.Qc2 d6 10.Bd3 Nc6 11.exd6 Bxd6 12.O-O h6 13.Re1 O-O 14.Re4 e5 15.Rh4 Be7 
16.Ng5 Nxd4 17.Bh7+ Kh8 18.cxd4 Qd8 19.Bg8 f5 20.Nf7+ Rxf7 21.Bxf7 Bxh4 22.dxe5 
Qe7 23.Bb3 Qxe5 24.Bb2 Qe4 25.Qd2 Bg5 26.Qd6 Qe7 27.Qxe7 Bxe7 28.Re1 Bc5 
29.Re8+ Kh7 30.Rg8 h5 31.Rxg7+ Kh6 32.Rg8 a6 33.h4 Kh7 34.Bf7 Be6 35.Rg7+ Kh6 
36.Bxe6 Re8 37.Bxf5 Re1+ 38.Kh2 Bxf2 39.Rh7# 1-0

[Event "Turniej Niepodleglosci 2023"]
[Site "Warsaw POL"]
[Date "2023.11.11"]
[Round "6.19"]
[White "Zdybel, Przemyslaw"]
[Black "Grajczak, Adrian"]
[Result "1-0"]
[WhiteElo "2088"]
[BlackElo "1926"]
[PlyCount "74"]

1.e4 c5 2.Nc3 Nc6 3.g3 g6 4.Bg2 Bg7 5.d3 d6 6.Be3 Nd4 7.Qd2 e6 8.Nd1 h5 9.c3 
Nc6 10.h3 Nge7 11.Ne2 Rb8 12.O-O O-O 13.Bh6 b5 14.Bxg7 Kxg7 15.Ne3 b4 16.f4 f5 
17.exf5 exf5 18.d4 Ba6 19.c4 Na5 20.b3 Bb7 21.d5 Ng8 22.g4 hxg4 23.hxg4 fxg4 
24.f5 Qh4 25.Rf4 Nh6 26.Raf1 gxf5 27.Nxf5+ Nxf5 28.Rxf5 Rxf5 29.Rxf5 Rf8 
30.Rg5+ Kf6 31.Qf4+ Ke7 32.Rg7+ Ke8 33.Qe4+ Kd8 34.Nf4 Bc8 35.Rxa7 Qf6 36.Ng6 
Qf2+ 37.Kh1 Re8 1-0

[Event "Turniej Niepodleglosci 2023"]
[Site "Warsaw POL"]
[Date "2023.11.11"]
[Round "6.20"]
[White "Siekanska, Maria"]
[Black "Galuszka, Tomasz"]
[Result "0-1"]
[WhiteElo "2006"]
[BlackElo "2069"]
[PlyCount "60"]

1.d4 d5 2.c4 e6 3.Nc3 Nf6 4.cxd5 exd5 5.Bg5 Be7 6.e3 O-O 7.Bd3 c6 8.Nge2 Nbd7 
9.O-O Re8 10.f3 Nf8 11.Qc2 Be6 12.Rad1 N6d7 13.Bxe7 Qxe7 14.e4 dxe4 15.fxe4 c5 
16.d5 Bg4 17.Rde1 c4 18.Bxc4 Qc5+ 19.Kh1 Qxc4 20.Ng3 Ne5 21.Qd2 Rad8 22.h3 Bc8 
23.Nh5 Nfg6 24.Qg5 h6 25.Qg3 b5 26.a3 a5 27.h4 Bg4 28.Rf5 Bxf5 29.b3 Qd4 
30.Nxb5 Qd3 0-1

[Event "Turniej Niepodleglosci 2023"]
[Site "Warsaw POL"]
[Date "2023.11.11"]
[Round "7.1"]
[White "Piorun, Kacper"]
[Black "Baum, Jonasz"]
[Result "1/2-1/2"]
[WhiteElo "2502"]
[BlackElo "2323"]
[PlyCount "138"]

1.d4 Nf6 2.Nf3 d5 3.e3 e6 4.Bd3 c5 5.b3 Nc6 6.Bb2 b6 7.O-O Bb7 8.a3 Be7 9.Qe2 
O-O 10.Nbd2 Rc8 11.Rfd1 Qc7 12.dxc5 bxc5 13.c4 Rfd8 14.cxd5 exd5 15.Rac1 Qb6 
16.Rb1 Re8 17.Nf1 Rcd8 18.Qc2 d4 19.Ng3 dxe3 20.fxe3 c4 21.bxc4 Qxe3+ 22.Kh1 
Bc8 23.Bf5 Rxd1+ 24.Rxd1 g6 25.Re1 Qc5 26.Bxf6 Bxf5 27.Nxf5 Qxf5 28.Qxf5 gxf5 
29.Nd4 Nxd4 30.Rxe7 Rxe7 31.Bxe7 Kg7 32.Kg1 f6 33.Kf2 Kf7 34.Bc5 Nc6 35.Ke3 Ke6 
36.Bd4 a6 37.Bc3 Ke7 38.h3 Ke6 39.Bb2 Ke7 40.Kd3 Ke6 41.Bc3 Ke7 42.Bd4 Ke6 
43.g3 Na5 44.Be3 Nc6 45.Bf4 Ke7 46.Ke3 Ke6 47.h4 h5 48.Kd3 Ke7 49.Kd2 Ke6 
50.Kc2 Ke7 51.Kc3 Ke6 52.Bc7 Kd7 53.Bb6 Ke6 54.Be3 Ke7 55.Kd3 Ke6 56.Bh6 Ke7 
57.Ke3 Ke6 58.Bf8 Kf7 59.Bc5 Ke6 60.Bf8 Ke5 61.Bh6 Ke6 62.Bf4 Kf7 63.Kd2 Ke6 
64.Kc3 Ke7 65.c5 Ke6 66.Kc4 Na5+ 67.Kd4 Nc6+ 68.Kc4 Na5+ 69.Kd4 Nc6+ 1/2-1/2

[Event "Turniej Niepodleglosci 2023"]
[Site "Warsaw POL"]
[Date "2023.11.11"]
[Round "7.2"]
[White "Cukrowski, Filip"]
[Black "Heberla, Bartlomiej"]
[Result "1/2-1/2"]
[WhiteElo "2298"]
[BlackElo "2481"]
[PlyCount "103"]

1.d4 Nf6 2.c4 e6 3.Nf3 d5 4.g3 Bd6 5.Bg2 O-O 6.O-O h6 7.Nc3 Nc6 8.b3 dxc4 
9.bxc4 e5 10.Rb1 exd4 11.Nxd4 Ne5 12.Ndb5 Bf5 13.e4 Bg4 14.f3 Bc5+ 15.Kh1 Be6 
16.Bf4 Nfd7 17.Na4 Be7 18.Qc2 c6 19.Nd4 Bxc4 20.Rfd1 b5 21.Nb2 Qc8 22.Nf5 Re8 
23.Bh3 Be6 24.Nd3 Nxf3 25.Qf2 Ng5 26.Bg2 Bxf5 27.exf5 Nf6 28.Re1 Bf8 29.Ne5 
Qxf5 30.Bxc6 Rxe5 31.Rxe5 Qxb1+ 32.Re1 Ng4 33.Qd2 Qf5 34.Bxa8 a5 35.Re8 Ne6 
36.Bd5 Nf6 37.Bxe6 fxe6 38.Rd8 Qe4+ 39.Qg2 Qb1+ 40.Qg1 Qxa2 41.Bd6 Qd5+ 42.Qg2 
Qd1+ 43.Qg1 Qd5+ 44.Qg2 Qd1+ 45.Qg1 Qf3+ 46.Qg2 Qd1+ 47.Qg1 Qxg1+ 48.Kxg1 Nh7 
49.Ra8 a4 50.Rb8 Kf7 51.Bxf8 Nxf8 52.Rxb5 1/2-1/2

[Event "Turniej Niepodleglosci 2023"]
[Site "Warsaw POL"]
[Date "2023.11.11"]
[Round "7.3"]
[White "Krasenkow, Michal"]
[Black "Eggink, Ryszard"]
[Result "1-0"]
[WhiteElo "2435"]
[BlackElo "2283"]
[PlyCount "95"]

1.d4 Nf6 2.c4 e6 3.Nc3 Bb4 4.e3 b6 5.Nf3 Bb7 6.Bd3 O-O 7.O-O Bxc3 8.bxc3 Ne4 
9.Nd2 d5 10.cxd5 exd5 11.f3 Nxd2 12.Bxd2 c5 13.dxc5 bxc5 14.Bxh7+ Kxh7 15.Qb1+ 
Kg8 16.Qxb7 Qd7 17.Rab1 Qxb7 18.Rxb7 Nc6 19.Rb5 c4 20.Rxd5 Rfd8 21.e4 Rxd5 
22.exd5 Ne7 23.d6 Nd5 24.Rb1 Rd8 25.Rb7 Rxd6 26.Rxa7 Nf6 27.Be1 Rd1 28.Kf2 Ra1 
29.Ra4 Nd5 30.Bd2 Rd1 31.Ke2 Rg1 32.g4 Rg2+ 33.Ke1 Rg1+ 34.Kf2 Rd1 35.Ke2 Rh1 
36.Rxc4 Rxh2+ 37.Kd3 Rf2 38.f4 Rf1 39.Rd4 Ne7 40.a4 f5 41.Rd7 Kf7 42.gxf5 Kf6 
43.a5 Ra1 44.c4 Kf7 45.Bb4 Rd1+ 46.Bd2 Ke8 47.Rb7 Nxf5 48.a6 1-0

[Event "Turniej Niepodleglosci 2023"]
[Site "Warsaw POL"]
[Date "2023.11.11"]
[Round "7.4"]
[White "Golubka, Petro"]
[Black "Kokoszczynski, Jan"]
[Result "1-0"]
[WhiteElo "2390"]
[BlackElo "2257"]
[PlyCount "62"]

1.e4 e5 2.Nf3 Nc6 3.d4 exd4 4.Nxd4 Qf6 5.Nf3 Bb4+ 6.c3 Bc5 7.Bg5 Qg6 8.Nbd2 d6 
9.Bb5 Bd7 10.Qe2 f6 11.Be3 Bxe3 12.Qxe3 Nge7 13.O-O-O O-O-O 14.h4 Qh5 15.Be2 
Bg4 16.Ng1 d5 17.f3 Bd7 18.g4 Qf7 19.Nh3 Rhe8 20.Nf4 g5 21.hxg5 fxg5 22.Nd3 
dxe4 23.Nxe4 Qxa2 24.Qxg5 Nd5 25.Ndc5 Be6 26.Nxe6 Qa1+ 27.Kc2 Ndb4+ 28.cxb4 
Nxb4+ 29.Kc3 Na2+ 30.Kc4 b5+ 31.Kc5 Rd6 1-0

[Event "Turniej Niepodleglosci 2023"]
[Site "Warsaw POL"]
[Date "2023.11.11"]
[Round "7.5"]
[White "Kuzmicz, Krystian"]
[Black "Kanarek, Marcel"]
[Result "1/2-1/2"]
[WhiteElo "2359"]
[BlackElo "2396"]
[PlyCount "65"]

1.e4 c5 2.d3 Nc6 3.g3 g6 4.Bg2 Bg7 5.f4 e6 6.Nf3 Nge7 7.O-O O-O 8.c3 d6 9.Be3 
b6 10.Na3 Bb7 11.Bf2 Qd7 12.Re1 Rae8 13.Nc2 f5 14.exf5 Nxf5 15.d4 cxd4 16.Ncxd4 
Ncxd4 17.Nxd4 Bxg2 18.Kxg2 e5 19.Nxf5 Qc6+ 20.Qf3 e4 21.Qe3 gxf5 22.Rad1 b5 
23.Kg1 d5 24.Qxa7 Rc8 25.a3 Rf7 26.Qb6 Rd7 27.Qxc6 Rcc7 28.Qxd7 Rxd7 29.Re2 Kf7 
30.Bd4 Bf8 31.Kg2 h5 32.h3 Be7 33.Kf2 1/2-1/2

[Event "Turniej Niepodleglosci 2023"]
[Site "Warsaw POL"]
[Date "2023.11.11"]
[Round "7.6"]
[White "Pacan-milej, Kosma"]
[Black "Jakubowski, Krzysztof"]
[Result "0-1"]
[WhiteElo "2232"]
[BlackElo "2367"]
[PlyCount "71"]

1.d4 Nf6 2.c4 e6 3.Nc3 Bb4 4.e3 O-O 5.Bd3 d5 6.a3 Bxc3+ 7.bxc3 dxc4 8.Bxc4 c5 
9.Ne2 Nc6 10.O-O Qc7 11.Bd3 e5 12.Ng3 Rd8 13.f4 exd4 14.cxd4 cxd4 15.e4 Ng4 
16.e5 Ne3 17.Bxe3 dxe3 18.Qe2 Nd4 19.Qxe3 Qb6 20.Kh1 Nb3 21.Qe4 Qh6 22.Rad1 Bg4 
23.Be2 Nc5 24.Qe3 Bxe2 25.Nxe2 b6 26.Nc3 Rxd1 27.Rxd1 Qh5 28.h3 Re8 29.Rd6 Qf5 
30.Nd5 h5 31.Qg3 Kh7 32.Kh2 Ne4 33.Qf3 Nxd6 34.exd6 Kh6 35.Ne7 Qf6 36.Qe3 0-1

[Event "Turniej Niepodleglosci 2023"]
[Site "Warsaw POL"]
[Date "2023.11.11"]
[Round "7.7"]
[White "Chylewski, Patryk"]
[Black "Gdanski, Jacek"]
[Result "1/2-1/2"]
[WhiteElo "2173"]
[BlackElo "2356"]
[PlyCount "155"]

1.d4 Nf6 2.c4 c5 3.Nf3 cxd4 4.Nxd4 Nc6 5.Nc3 g6 6.e4 d6 7.Be2 Nxd4 8.Qxd4 Bg7 
9.Be3 O-O 10.Qd2 Be6 11.Rc1 Qa5 12.O-O Rfc8 13.b3 a6 14.f4 b5 15.f5 gxf5 
16.exf5 Bd7 17.Bh6 Bxh6 18.Qxh6 Kh8 19.Qe3 Re8 20.Nd5 bxc4 21.Nb6 Rab8 22.Nxd7 
Nxd7 23.Bxc4 Ne5 24.f6 Qb6 25.Qxb6 Rxb6 26.fxe7 Rxe7 27.Bd5 Kg7 28.Rc3 a5 
29.Rf4 Rb5 30.Rd4 Rb4 31.Rd2 f5 32.Bf3 Rb6 33.Kf2 a4 34.bxa4 Ra7 35.Rd4 Rb2+ 
36.Kg3 Rxa2 37.Bd1 Ra6 38.Rc7+ Kg6 39.Rc3 Kf6 40.h4 Ng6 41.Rcd3 Ke7 42.h5 f4+ 
43.Kh3 Ne5 44.Rc3 Rb6 45.Rxf4 Rb1 46.Rd4 Raa1 47.Bc2 Rh1+ 48.Kg3 Rxh5 49.Rc7+ 
Ke6 50.Rxh7 Rxh7 51.Bxh7 Ra3+ 52.Kf4 Ke7 53.Bf5 Nc6 54.Re4+ Kf6 55.g4 Ne5 
56.g5+ Ke7 57.Rd4 Rf3+ 58.Ke4 Rg3 59.g6 Nxg6 60.Bxg6 Rxg6 61.Kd5 Rg5+ 62.Kc6 
Ra5 63.Kb6 Ra8 64.Kb7 Ra5 65.Kb6 Ra8 66.Rh4 Ke6 67.a5 d5 68.a6 Ke5 69.Kb7 Rg8 
70.Rh5+ Ke4 71.Rh4+ Ke3 72.Rh3+ Ke4 73.a7 d4 74.Rh4+ Ke3 75.Rh7 d3 76.Re7+ Kf2 
77.Rd7 Ke2 78.a8=Q 1/2-1/2

[Event "Turniej Niepodleglosci 2023"]
[Site "Warsaw POL"]
[Date "2023.11.11"]
[Round "7.8"]
[White "Krawczyk, Flawian"]
[Black "Mis, Mieszko"]
[Result "1-0"]
[WhiteElo "2116"]
[BlackElo "2321"]
[PlyCount "89"]

1.e4 d5 2.exd5 Qxd5 3.Nc3 Qa5 4.d4 Nf6 5.Nf3 Bf5 6.Bd2 e6 7.Bc4 Bb4 8.O-O O-O 
9.h3 Rd8 10.a3 Bxc3 11.Bxc3 Qb6 12.Qe2 Ne4 13.Nh4 Nxc3 14.bxc3 Bg6 15.Rab1 Qc6 
16.f4 Nd7 17.f5 exf5 18.Nxf5 Bxf5 19.Rxf5 Nf6 20.Rbf1 Re8 21.Qd3 Re7 22.R1f4 
Rae8 23.Bb5 Re1+ 24.Rf1 Qd6 25.Bxe8 Rxe8 26.c4 h6 27.c5 Qc6 28.c4 Re4 29.Kh1 
Qe8 30.d5 Re3 31.Qd2 Qe4 32.R5f3 Re2 33.Qd3 Qxd3 34.Rxd3 Nd7 35.d6 c6 36.Rb1 b6 
37.cxb6 axb6 38.c5 b5 39.a4 Rc2 40.axb5 cxb5 41.Rxb5 Kf8 42.Rb7 Ke8 43.Re3+ Kd8 
44.Re7 Nxc5 45.Rb8# 1-0

[Event "Turniej Niepodleglosci 2023"]
[Site "Warsaw POL"]
[Date "2023.11.11"]
[Round "7.9"]
[White "Mulawa, Cyprian"]
[Black "Nguyen, Piotr"]
[Result "0-1"]
[WhiteElo "2170"]
[BlackElo "2275"]
[PlyCount "94"]

1.e4 g6 2.d4 Bg7 3.Nf3 d6 4.Bc4 Nf6 5.Nc3 O-O 6.O-O Nxe4 7.Nxe4 d5 8.Bd3 dxe4 
9.Bxe4 Nd7 10.h3 c5 11.Be3 Nf6 12.Bd3 Nd5 13.c3 Nxe3 14.fxe3 Qb6 15.Qb3 Qc7 
16.Rae1 e6 17.Bc4 Rb8 18.d5 b5 19.Be2 c4 20.Qc2 exd5 21.Nd4 a5 22.Bf3 Qc5 23.e4 
Bxd4+ 24.cxd4 Qxd4+ 25.Kh1 dxe4 26.Rxe4 Qc5 27.Qc3 Bb7 28.Re5 Qb4 29.Bxb7 Qxc3 
30.bxc3 Rxb7 31.Rb1 Rfb8 32.Rc5 Kf8 33.a3 Ke7 34.Rd1 Rd7 35.Rb1 Rd3 36.a4 Rxc3 
37.axb5 a4 38.Rc7+ Kd6 39.Rxf7 a3 40.Ra7 Rb3 41.Rd1+ Kc5 42.Kh2 R8xb5 43.Rc1 c3 
44.Re1 Rb6 45.Re5+ Kd4 46.Rea5 Rc6 47.Rd7+ Kc4 0-1

[Event "Turniej Niepodleglosci 2023"]
[Site "Warsaw POL"]
[Date "2023.11.11"]
[Round "7.10"]
[White "Zdybel, Przemyslaw"]
[Black "Szustakowski, Antoni"]
[Result "0-1"]
[WhiteElo "2088"]
[BlackElo "2256"]
[PlyCount "170"]

1.e4 e6 2.d4 d5 3.Nc3 Nf6 4.Bg5 dxe4 5.Nxe4 Be7 6.Nxf6+ Bxf6 7.Bxf6 Qxf6 8.Nf3 
O-O 9.Bd3 c5 10.c3 cxd4 11.Nxd4 a6 12.O-O e5 13.Nb3 Nc6 14.Re1 Be6 15.Qe2 Bxb3 
16.axb3 Rfe8 17.b4 Qe7 18.Be4 Qc7 19.Qc4 g6 20.g3 Rac8 21.b5 axb5 22.Qxb5 f5 
23.Bxc6 bxc6 24.Qc5 Qe7 25.Qc4+ Qe6 26.Qxe6+ Rxe6 27.Red1 Re7 28.b4 Kf7 29.Rd6 
Rec7 30.c4 Ke7 31.c5 Rb8 32.Ra4 Rd8 33.Rxd8 Kxd8 34.Ra8+ Kd7 35.Rb8 Ke6 36.Rd8 
Rd7 37.Rc8 Kd5 38.Rb8 Kc4 39.Rb6 Kd5 40.Kf1 e4 41.Ke2 g5 42.Rb8 Rf7 43.Rd8+ Kc4 
44.Rb8 f4 45.gxf4 gxf4 46.Rb6 Kd5 47.Rb8 Ra7 48.Rd8+ Kc4 49.Rd6 Ra2+ 50.Ke1 f3 
51.Rxc6 Kxb4 52.Rh6 Re2+ 53.Kf1 Rc2 54.Ke1 Kxc5 55.Rxh7 Re2+ 56.Kf1 Rd2 57.Ke1 
Rd5 58.Rh8 Kd4 59.Kd2 Ke5+ 60.Ke1 Kf6 61.Re8 Rd4 62.Rg8 Ra4 63.Rf8+ Kg5 64.Rg8+ 
Kf5 65.Rf8+ Kg4 66.Rh8 Ra2 67.Rh7 Re2+ 68.Kf1 Rd2 69.Ke1 Re2+ 70.Kf1 Rb2 71.Ke1 
Rc2 72.Rh8 Re2+ 73.Kf1 Ra2 74.Ke1 Kf4 75.Rf8+ Kg5 76.Rg8+ Kf5 77.Rf8+ Kg4 
78.Rh8 Re2+ 79.Kf1 Rc2 80.Ke1 Rc1+ 81.Kd2 Rf1 82.Rg8+ Kh3 83.Ke3 Re1+ 84.Kf4 
Kxh2 85.Re8 Kg2 0-1

[Event "Turniej Niepodleglosci 2023"]
[Site "Warsaw POL"]
[Date "2023.11.11"]
[Round "7.11"]
[White "Bartel, Michal"]
[Black "Kovalevsky, Stanislav"]
[Result "1/2-1/2"]
[WhiteElo "2220"]
[BlackElo "2023"]
[PlyCount "137"]

1.e4 c6 2.Nc3 d5 3.Nf3 dxe4 4.Nxe4 Nf6 5.Ng3 h5 6.Bc4 h4 7.Nf1 b5 8.Bb3 c5 9.d3 
Bb7 10.h3 Nc6 11.Bg5 Nd4 12.N1d2 Qd6 13.O-O e6 14.Bxh4 Nxb3 15.axb3 Qd5 16.Bg3 
Bd6 17.Bxd6 Qxd6 18.Qe2 Rh5 19.Ne4 Qf4 20.Qe3 Qxe3 21.Nxf6+ gxf6 22.fxe3 Ke7 
23.e4 a6 24.Kh2 c4 25.bxc4 bxc4 26.Ra3 Rb5 27.Rb1 cxd3 28.cxd3 Rc8 29.b4 Rb6 
30.Rb2 Rc1 31.Kg3 Kd6 32.Kf4 Rd1 33.Ke3 Rh1 34.Nd2 Rb5 35.Nc4+ Ke7 36.Na5 Bc8 
37.Rc3 Bd7 38.Rc7 Ra1 39.Nc4 Ra4 40.Ra7 Rbxb4 41.Rxb4 Rxb4 42.Rxa6 Rb3 43.Ra7 
e5 44.Kd2 Ke6 45.Ne3 Bb5 46.Nf5 Rxd3+ 47.Kc2 Rd7 48.Rxd7 Kxd7 49.Kd2 Bf1 50.Ne3 
Bb5 51.Nd5 f5 52.exf5 Bc6 53.Ne3 Ke7 54.g4 Kf6 55.h4 Bf3 56.g5+ Kg7 57.Kd3 f6 
58.Kc4 Be4 59.g6 Bxf5 60.Nxf5+ Kxg6 61.Ne3 Kh5 62.Ng2 f5 63.Kd5 f4 64.Ke4 Kg4 
65.Kxe5 f3 66.Ne3+ Kxh4 67.Kf4 f2 68.Kf3 f1=Q+ 69.Nxf1 1/2-1/2

[Event "Turniej Niepodleglosci 2023"]
[Site "Warsaw POL"]
[Date "2023.11.11"]
[Round "7.12"]
[White "Galuszka, Tomasz"]
[Black "Chomczyk, Marek"]
[Result "1-0"]
[WhiteElo "2069"]
[BlackElo "2211"]
[PlyCount "105"]

1.e4 e5 2.Nf3 Nf6 3.Nxe5 Nxe4 4.d4 d5 5.Bd3 Nd7 6.Nxd7 Bxd7 7.O-O Bd6 8.Nc3 
Nxc3 9.bxc3 O-O 10.Qh5 f5 11.Re1 Qf6 12.Qf3 f4 13.Qxd5+ Kh8 14.Qh5 g6 15.Qf3 
Qg5 16.h3 Rae8 17.Bd2 Bc6 18.Be4 Rxe4 19.Rxe4 Kg7 20.Rae1 Re8 21.Qd3 Rxe4 
22.Rxe4 Bxe4 23.Qxe4 Qa5 24.Bxf4 Bxf4 25.Qxf4 Qxc3 26.Qe5+ Kf7 27.Qe4 b6 28.Kh2 
a5 29.d5 Qc5 30.f4 Kg8 31.h4 Kg7 32.h5 gxh5 33.Qe5+ Kg8 34.c3 b5 35.f5 b4 
36.cxb4 axb4 37.Qe6+ Kf8 38.Kh3 Qe7 39.Qh6+ Kg8 40.Qxh5 Qe3+ 41.g3 Qe5 42.Qf3 
Kg7 43.g4 Kf6 44.Qd3 Qc3 45.Qg3 Kg5 46.Kg2 Qd2+ 47.Kh3 Qxa2 48.Qh4+ Kf4 49.Qg3+ 
Ke4 50.f6 Qa1 51.Qg2+ Kd3 52.Qf3+ Kc4 53.f7 1-0

[Event "Turniej Niepodleglosci 2023"]
[Site "Warsaw POL"]
[Date "2023.11.11"]
[Round "7.13"]
[White "Adamski, Jan"]
[Black "Czernek, Tymon"]
[Result "0-1"]
[WhiteElo "1955"]
[BlackElo "2180"]
[PlyCount "94"]

1.Nf3 Nf6 2.c4 e6 3.g3 d5 4.Bg2 Bd6 5.d4 O-O 6.Nbd2 c6 7.Qc2 Nbd7 8.O-O Re8 
9.b3 Rb8 10.Bb2 b6 11.Rad1 Bb7 12.e4 dxe4 13.Ng5 h6 14.Ngxe4 Nxe4 15.Nxe4 Bf8 
16.Nc3 Qc7 17.Rfe1 Nf6 18.Ne4 Nxe4 19.Bxe4 Be7 20.Bc1 Rbd8 21.Bf4 Bd6 22.Bxd6 
Qxd6 23.c5 Qc7 24.Bf3 Rd7 25.Rd2 Red8 26.Red1 b5 27.h4 b4 28.Kg2 a5 29.Rd3 Ba6 
30.R3d2 Bb5 31.Kg1 Ra8 32.Be2 Bxe2 33.Rxe2 Rd5 34.f4 Rad8 35.Red2 Qe7 36.Qe4 
Qf6 37.Kg2 R8d7 38.Rd3 Kf8 39.R1d2 Ke7 40.Kh3 Rd8 41.g4 Kd7 42.Qe5 Qg6 43.h5 
Qh7 44.Qe3 g6 45.hxg6 Qxg6 46.Re2 Rg8 47.Rg2 Rh5+ 0-1

[Event "Turniej Niepodleglosci 2023"]
[Site "Warsaw POL"]
[Date "2023.11.11"]
[Round "7.14"]
[White "Przedmojski, Rafal"]
[Black "Minald, Andrey"]
[Result "1-0"]
[WhiteElo "2240"]
[BlackElo "2035"]
[PlyCount "55"]

1.d4 d5 2.c4 e6 3.g3 Nf6 4.Bg2 c6 5.Qc2 Be7 6.Nf3 O-O 7.O-O Nbd7 8.Rd1 b6 
9.Nbd2 Bb7 10.e4 dxe4 11.Nxe4 Nxe4 12.Qxe4 Nf6 13.Qe2 Qc8 14.Bf4 Rd8 15.b3 h6 
16.a4 Bf8 17.Ne5 c5 18.dxc5 Bxg2 19.Kxg2 Bxc5 20.Rxd8+ Qxd8 21.Rd1 Qe8 22.Qf3 
a5 23.Bxh6 Rd8 24.Rxd8 Qxd8 25.Bg5 Bd4 26.Bxf6 gxf6 27.Nc6 Qd6 28.Qg4+ 1-0

[Event "Turniej Niepodleglosci 2023"]
[Site "Warsaw POL"]
[Date "2023.11.11"]
[Round "7.15"]
[White "Zochowski, Kacper"]
[Black "Golis, Wiktor"]
[Result "1-0"]
[WhiteElo "2183"]
[BlackElo "2030"]
[PlyCount "129"]

1.Nf3 d5 2.g3 Nc6 3.d4 Bf5 4.Bg2 Nb4 5.Na3 e6 6.O-O Be7 7.c3 Nc6 8.Nc2 h6 9.b4 
Nf6 10.Bb2 O-O 11.a3 Bh7 12.Ne3 a5 13.b5 Na7 14.a4 c6 15.c4 cxb5 16.cxb5 Nc8 
17.Ba3 Bxa3 18.Rxa3 Nb6 19.Ne5 Qd6 20.Ra2 Rfc8 21.Nd3 Nfd7 22.Ng4 Rc7 23.Nge5 
Nxe5 24.Nxe5 Rac8 25.Qe1 Rc3 26.Ra1 Qb4 27.Qd2 f6 28.Nf3 Nxa4 29.Bh3 Bf5 
30.Bxf5 exf5 31.Rfb1 Qc4 32.Nh4 Nb6 33.Nxf5 Rc2 34.Qf4 Qc7 35.Qg4 Kh7 36.Rxa5 
Nc4 37.b6 Qd7 38.Rxd5 Qf7 39.Rc5 Rxc5 40.dxc5 Ne5 41.Qe4 Qc4 42.Qxc4 Rxc4 
43.Nd6 Rxc5 44.Nxb7 Rc8 45.Nd6 Rd8 46.b7 Nc6 47.Nc8 Nb8 48.e3 Kg6 49.Kg2 Kf5 
50.Nb6 Ke6 51.Na4 Kd6 52.Rd1+ Kc7 53.Rxd8 Kxd8 54.Nc5 Ke7 55.Kf3 Kd6 56.Nd3 Kc7 
57.Nf4 Kxb7 58.Nh5 Nd7 59.Nxg7 Ne5+ 60.Ke2 Kc6 61.Nf5 Nf7 62.f4 Kd7 63.Kf3 Ke6 
64.e4 h5 65.Ng7+ 1-0

[Event "Turniej Niepodleglosci 2023"]
[Site "Warsaw POL"]
[Date "2023.11.11"]
[Round "7.16"]
[White "Nawalaniec, Adam"]
[Black "Fishchuk, Vladyslav"]
[Result "1-0"]
[WhiteElo "1801"]
[BlackElo "2144"]
[PlyCount "97"]

1.e4 c5 2.Nf3 Nc6 3.c4 e5 4.Nc3 Nge7 5.d3 g6 6.g3 Bg7 7.Bg2 d6 8.O-O O-O 9.Nd5 
f5 10.h3 h6 11.Bd2 Kh7 12.a3 a5 13.b3 Nxd5 14.cxd5 Ne7 15.b4 b6 16.Qc2 Qc7 
17.Rfb1 Bd7 18.bxa5 bxa5 19.Kh2 g5 20.Bc3 Be8 21.Rb2 Bg6 22.Qa4 Be8 23.Qc2 Qd7 
24.Rab1 Ra7 25.Rb6 Bg6 26.Qe2 Rc8 27.Nd2 Rcc7 28.Nc4 Nc8 29.R6b5 a4 30.Qb2 Qf7 
31.Ba5 Rd7 32.Bb6 Rab7 33.Ba5 Rxb5 34.Qxb5 h5 35.Qc6 Ne7 36.Qxd7 fxe4 37.Nxd6 
Qxf2 38.Rf1 Qe2 39.Qxe7 exd3 40.Ne8 Bxe8 41.Qxe8 d2 42.Bxd2 Qxd2 43.Qxh5+ Kg8 
44.Qe8+ Kh7 45.Qe6 c4 46.d6 c3 47.d7 c2 48.Qe8 c1=Q 49.Rxc1 1-0

[Event "Turniej Niepodleglosci 2023"]
[Site "Warsaw POL"]
[Date "2023.11.11"]
[Round "7.17"]
[White "Kubicka, Anna"]
[Black "Dylag, Emilia"]
[Result "1-0"]
[WhiteElo "2122"]
[BlackElo "1965"]
[PlyCount "105"]

1.e4 e5 2.Nf3 Nc6 3.Bc4 Nf6 4.d3 h6 5.c3 d6 6.h3 g6 7.Nbd2 Bg7 8.Bb3 O-O 9.O-O 
d5 10.Re1 Be6 11.exd5 Nxd5 12.Nc4 Nf4 13.Bxf4 exf4 14.d4 Bxc4 15.Bxc4 Qd6 
16.Qc2 Na5 17.Bd3 c5 18.dxc5 Qxc5 19.b4 Qxc3 20.Qxc3 Bxc3 21.bxa5 Bxa1 22.Rxa1 
Rac8 23.Rb1 Rc7 24.Be4 Rb8 25.a6 b5 26.Bd5 Rc5 27.Bb3 Rb6 28.Rd1 Rc7 29.Rd5 b4 
30.Rd4 g5 31.h4 g4 32.Ne5 g3 33.fxg3 fxg3 34.Rg4+ Kf8 35.Rxg3 Rxa6 36.Rf3 f6 
37.Ng4 Kg7 38.Ne3 Rc3 39.Nf5+ Kg6 40.Ne7+ Kg7 41.Rf4 Rc1+ 42.Kh2 Rc7 43.Rg4+ 
Kf8 44.Nf5 Ke8 45.Rxb4 Rc5 46.Nxh6 f5 47.Rb8+ Kd7 48.Nf7 Kc7 49.Rh8 f4 50.Ng5 
Re5 51.Rf8 Rd6 52.Rxf4 Rd2 53.Nf3 1-0

[Event "Turniej Niepodleglosci 2023"]
[Site "Warsaw POL"]
[Date "2023.11.11"]
[Round "7.18"]
[White "Smieszek, Wojciech"]
[Black "Liskiewicz, Jakub"]
[Result "1-0"]
[WhiteElo "2089"]
[BlackElo "1884"]
[PlyCount "64"]

1.e4 d6 2.d4 Nf6 3.Nc3 g6 4.Be3 Bg7 5.f3 c6 6.Qd2 h5 7.h4 b5 8.Nh3 Nbd7 9.Ng5 
Nb6 10.Bd3 Nc4 11.Bxc4 bxc4 12.Qe2 Ba6 13.e5 dxe5 14.dxe5 Nd5 15.Nxd5 cxd5 
16.e6 f5 17.Nf7 Qc8 18.c3 O-O 19.Bh6 Rb8 20.Bxg7 Kxg7 21.O-O Qc5+ 22.Kh1 d4 
23.Qd2 d3 24.Qh6+ Kf6 25.Rae1 d2 26.Qxd2 Rxf7 27.exf7 Kxf7 28.Re2 Re8 29.Rd1 
Bb7 30.Qh6 Bc6 31.Rde1 e5 32.Rd1 e4 1-0

[Event "Turniej Niepodleglosci 2023"]
[Site "Warsaw POL"]
[Date "2023.11.11"]
[Round "7.19"]
[White "Fistek, Dariusz"]
[Black "Polak, Michal"]
[Result "1/2-1/2"]
[WhiteElo "2043"]
[BlackElo "1862"]
[PlyCount "239"]

1.d4 Nf6 2.c4 e6 3.Nf3 b6 4.a3 Ba6 5.Qc2 c5 6.e4 cxd4 7.Nxd4 Nc6 8.Nxc6 dxc6 
9.Be2 e5 10.Be3 Qc7 11.O-O Bc5 12.Bxc5 bxc5 13.Nc3 O-O 14.b4 cxb4 15.axb4 Bc8 
16.Ra5 Rb8 17.Qa4 Qb6 18.Rb1 Qd4 19.Qc2 Ng4 20.Bf1 Nxf2 21.Qxf2 Qxc3 22.Qxa7 
Be6 23.Qc5 Qc2 24.Re1 Qd2 25.Rb1 Qc2 26.Re1 Qc3 27.Re3 Qxb4 28.Qxe5 Bxc4 29.Rg3 
g6 30.Ra1 Bxf1 31.Rxf1 Rbe8 32.Qc7 Qxe4 33.Rgf3 Re7 34.Qd6 Qe6 35.Qc5 Rd7 
36.Rf6 Qd5 37.Qxc6 Qxc6 38.Rxc6 f5 39.h3 Rfd8 40.Re1 Kg7 41.Rce6 Kf7 42.R6e2 
Kf6 43.Rb2 Rd6 44.Rb7 Rd1 45.Rxd1 Rxd1+ 46.Kh2 h5 47.Rb4 Re1 48.Kg3 Re3+ 49.Kf2 
Re4 50.Rb6+ Kg5 51.Rc6 h4 52.Ra6 Rb4 53.Ra2 Kf4 54.Rc2 g5 55.Kg1 g4 56.hxg4 
fxg4 57.Kh2 Ra4 58.Rf2+ Kg5 59.Rb2 Ra5 60.Rc2 Rd5 61.Rb2 Re5 62.Rc2 Kf4 63.Rf2+ 
Ke3 64.Rf8 Re4 65.Rh8 g3+ 66.Kh3 Kf2 67.Rf8+ Kg1 68.Rf3 Rd4 69.Rc3 Rf4 70.Rb3 
Kf2 71.Rb2+ Ke3 72.Rb3+ Kd2 73.Ra3 Ke2 74.Rb3 Kf2 75.Ra3 Kg1 76.Rb3 Re4 77.Ra3 
Kf2 78.Rb3 Re3 79.Rb4 Re1 80.Rf4+ Ke3 81.Rxh4 Re2 82.Kxg3 Ra2 83.Rb4 Ra8 84.Kh3 
Rh8+ 85.Rh4 Rg8 86.g3 Kf3 87.Rf4+ Ke3 88.Rf6 Ke4 89.Kh4 Ke5 90.Ra6 Kf5 91.Ra5+ 
Kf6 92.g4 Rh8+ 93.Rh5 Ra8 94.Rh6+ Kg7 95.Rb6 Kg8 96.Kh5 Rc8 97.Kg6 Ra8 98.g5 
Rc8 99.Kh6 Ra8 100.Rb7 Rc8 101.g6 Ra8 102.Rg7+ Kh8 103.Rf7 Kg8 104.Rf6 Rb8 
105.Re6 Ra8 106.Re7 Rb8 107.Rg7+ Kh8 108.Re7 Kg8 109.Kg5 Rb5+ 110.Kh6 Rb8 
111.Re6 Ra8 112.Kg5 Rb8 113.Kf6 Ra8 114.Re7 Ra6+ 115.Re6 Rxe6+ 116.Kxe6 Kg7 
117.Kf5 Kg8 118.Kf6 Kf8 119.g7+ Kg8 120.Kg6 1/2-1/2

[Event "Turniej Niepodleglosci 2023"]
[Site "Warsaw POL"]
[Date "2023.11.11"]
[Round "7.20"]
[White "Chiszko, Oskar"]
[Black "Mickiewicz, Piotr"]
[Result "0-1"]
[WhiteElo "1911"]
[BlackElo "2153"]
[PlyCount "84"]

1.d4 Nf6 2.c4 g6 3.Nc3 Bg7 4.e4 d6 5.h3 O-O 6.Be3 e5 7.d5 a5 8.g4 Na6 9.Nge2 
Nd7 10.h4 Ndc5 11.Ng3 c6 12.h5 Bf6 13.Qd2 Bxg4 14.hxg6 fxg6 15.Bh3 Bf3 16.Rg1 
Kh8 17.Bh6 Nb4 18.Bf1 a4 19.Rc1 a3 20.b3 Bh4 21.Qe3 Nxb3 22.axb3 a2 23.Nxa2 
Rxa2 24.Qc3 Bg5 25.Bxg5 Qxg5 26.Be2 Bxe4 27.Kf1 Bd3 28.Re1 Qe3 29.Rg2 Bxe2+ 
30.Nxe2 Qxc3 31.Nxc3 Rc2 32.Ne4 Nd3 33.Rd1 cxd5 34.cxd5 Rf4 35.Nxd6 Nxf2 
36.Rxf2 Rcxf2+ 37.Kg1 R2f3 38.Nc4 Rd4 39.Rxd4 exd4 40.d6 d3 41.d7 Rf8 42.Nd6 d2 0-1